<?xml version="1.0" encoding="UTF-8"?>
<record
    xmlns:xsi="http://www.w3.org/2001/XMLSchema-instance"
    xsi:schemaLocation="http://www.loc.gov/MARC21/slim http://www.loc.gov/standards/marcxml/schema/MARC21slim.xsd"
    xmlns="http://www.loc.gov/MARC21/slim">

  <leader>00403nam a22001217a 4500</leader>
  <datafield tag="999" ind1=" " ind2=" ">
    <subfield code="c">18311</subfield>
    <subfield code="d">18311</subfield>
  </datafield>
  <controlfield tag="008">200720b        xxu||||| |||| 00| 0 eng d</controlfield>
  <datafield tag="020" ind1=" " ind2=" ">
    <subfield code="a">0198813422</subfield>
  </datafield>
  <datafield tag="050" ind1=" " ind2=" ">
    <subfield code="a">HB849.53</subfield>
    <subfield code="b">.W67 2014 c.1</subfield>
  </datafield>
  <datafield tag="245" ind1=" " ind2=" ">
    <subfield code="a">World Population and Human Capital in the Twenty-first century </subfield>
    <subfield code="b">An Overview </subfield>
    <subfield code="c">Edited by Wolfgang Lutz, Wiiliam P. Butz, &amp; Samir KC</subfield>
  </datafield>
  <datafield tag="260" ind1=" " ind2=" ">
    <subfield code="a">UK</subfield>
    <subfield code="b">OUP</subfield>
    <subfield code="c">2014</subfield>
  </datafield>
  <datafield tag="300" ind1=" " ind2=" ">
    <subfield code="a">xv, 714p.</subfield>
  </datafield>
  <datafield tag="942" ind1=" " ind2=" ">
    <subfield code="2">lcc</subfield>
    <subfield code="c">BK</subfield>
  </datafield>
  <datafield tag="952" ind1=" " ind2=" ">
    <subfield code="0">0</subfield>
    <subfield code="1">0</subfield>
    <subfield code="2">lcc</subfield>
    <subfield code="7">0</subfield>
    <subfield code="a">KABU</subfield>
    <subfield code="b">KABU</subfield>
    <subfield code="d">2020-07-20</subfield>
    <subfield code="g">4472.00</subfield>
    <subfield code="l">0</subfield>
    <subfield code="o">HB849.53 .W67 2014 c.1</subfield>
    <subfield code="p">028776</subfield>
    <subfield code="r">2024-08-02 00:00:00</subfield>
    <subfield code="w">2020-07-20</subfield>
    <subfield code="y">BK</subfield>
  </datafield>
  <datafield tag="952" ind1=" " ind2=" ">
    <subfield code="0">0</subfield>
    <subfield code="1">0</subfield>
    <subfield code="2">lcc</subfield>
    <subfield code="7">0</subfield>
    <subfield code="a">KABU</subfield>
    <subfield code="b">KABU</subfield>
    <subfield code="d">2020-07-20</subfield>
    <subfield code="g">4472.00</subfield>
    <subfield code="l">0</subfield>
    <subfield code="o">HB849.53 .W67 2014 c.2</subfield>
    <subfield code="p">028799</subfield>
    <subfield code="r">2024-08-02 00:00:00</subfield>
    <subfield code="w">2020-07-20</subfield>
    <subfield code="y">BK</subfield>
  </datafield>
  <datafield tag="952" ind1=" " ind2=" ">
    <subfield code="0">0</subfield>
    <subfield code="1">0</subfield>
    <subfield code="2">lcc</subfield>
    <subfield code="7">0</subfield>
    <subfield code="a">KABU</subfield>
    <subfield code="b">KABU</subfield>
    <subfield code="d">2020-07-20</subfield>
    <subfield code="g">4472.00</subfield>
    <subfield code="l">0</subfield>
    <subfield code="o">HB849.53 .W67 2014 c.3</subfield>
    <subfield code="p">028800</subfield>
    <subfield code="r">2024-08-02 00:00:00</subfield>
    <subfield code="w">2020-07-20</subfield>
    <subfield code="y">BK</subfield>
  </datafield>
</record>
